The Urban Pattern City Planning and Design (Record no. 15)
[ view plain ]
| 000 -LEADER | |
|---|---|
| fixed length control field | 00294nam a2200109Ia 4500 |
| 008 - FIXED-LENGTH DATA ELEMENTS--GENERAL INFORMATION | |
| fixed length control field | 200302s9999 xx 000 0 und d |
| 100 ## - MAIN ENTRY--PERSONAL NAME | |
| Personal name | Gallion B. & Simon Eisner |
| 245 ## - TITLE STATEMENT | |
| Title | The Urban Pattern City Planning and Design |
| 260 ## - PUBLICATION, DISTRIBUTION, ETC. | |
| Name of publisher, distributor, etc. | D.Van Nostrand Company, Inc., |
| 260 ## - PUBLICATION, DISTRIBUTION, ETC. | |
| Date of publication, distribution, etc. | 1959 |
| 300 ## - PHYSICAL DESCRIPTION | |
| Extent | 446 P., |
| Withdrawn status | Lost status | Damaged status | Not for loan | Permanent Location | Current Location | Date acquired | Cost, normal purchase price | Total Checkouts | Full call number | Barcode | Date last seen | Date last checked out | Price effective from | Koha item type | Source of classification or shelving scheme |
|---|---|---|---|---|---|---|---|---|---|---|---|---|---|---|---|
| BMS College of Architecture, Design and Planning | BMS College of Architecture, Design and Planning | 2020-03-03 | 54.00 | 3 | 711.4 | CL-UG5365 | 2025-09-29 | 2025-09-25 | 2020-03-03 | UG Books from CL | |||||
| BMS College of Architecture, Design and Planning | BMS College of Architecture, Design and Planning | 2021-01-06 | 711.4 | AR-PG346 | 2021-01-06 | 2021-01-06 | PG Books | ||||||||
| BMS College of Architecture, Design and Planning | BMS College of Architecture, Design and Planning | 2021-01-06 | 1 | 711.4 | AR-PG347 | 2022-10-20 | 2022-10-07 | 2021-01-06 | PG Books |